00679nam a2200229 a 450000100060000000300080000600500170001400800410003102000430007203500190011504000270013404100080016108200250016910000240019424500460021826000490026430000330031350400510034665000110039765000250040865000160043356679BD-RjUL20211209080424.0161203s2011 nyua b 001 0 eng  a9780195136036 (hardcover : alk. paper) a(BD-RjUL)56803 aDLCcDLCdBD-RjULbeng aeng00a121.68223bGUT 20111 aGupta, Anil,d1949-10aTruth, meaning, experience /cAnil Gupta. aNew York :bOxford University Press,cc2011. axi, 270 p. :bill. ;c22 cm. aIncludes bibliographical references and index. 0aTruth. 0aMeaning (Philosophy) 0aExperience.